|
|
|
|
| LEADER |
00000nam a2200000 a 4500 |
| 001 |
vtls009302749 |
| 003 |
SK-MaSNL |
| 005 |
20260302043234.0 |
| 008 |
240314s2006 xr a g 010 0dcze |
| 020 |
|
|
|a 8072050923
|q (brož.)
|
| 040 |
|
|
|a SNK
|b slo
|c SNK
|e AACR2
|
| 041 |
1 |
|
|a cze
|h fre
|
| 044 |
|
|
|a xr
|c CZ
|
| 072 |
|
7 |
|a 613
|x Hygiena. Ľudské zdravie
|2 konspekt
|
| 080 |
|
|
|a 159.963.2
|2 2001
|
| 080 |
|
|
|a 613.79
|2 2001
|
| 080 |
|
|
|a 613
|2 2001
|
| 080 |
|
|
|a 613.86
|2 2001
|
| 080 |
|
|
|a (0.062)
|2 2001
|
| 100 |
1 |
|
|a Comby, Bruno,
|d 1960-
|4 aut
|9 437255
|
| 240 |
1 |
0 |
|a Eloge de la sieste
|l Česky
|
| 245 |
1 |
0 |
|a Chvála siesty
|c Bruno Comby ; přeložila Ivana Glattová ; [ilustrace Moebius]
|
| 250 |
|
|
|a [1.] čes. vyd.
|
| 260 |
|
|
|a Hodkovičky (Praha)
|b Pragma
|c [2006]
|
| 300 |
|
|
|a 230 s.
|b ilustr.
|c 21 cm
|
| 650 |
0 |
7 |
|a spánok
|2 SNKPH
|9 21972
|
| 650 |
0 |
7 |
|a odpočinok
|2 SNKPH
|9 71800
|
| 650 |
0 |
7 |
|a životospráva
|2 SNKPH
|9 23728
|
| 650 |
0 |
7 |
|a psychohygiena
|2 SNKPH
|9 2574
|
| 650 |
0 |
7 |
|a Sleep
|2 SNKPHeng
|9 316071
|
| 650 |
0 |
7 |
|a Rest
|2 SNKPHeng
|9 349928
|
| 650 |
0 |
7 |
|a Health behavior
|2 SNKPHeng
|9 292072
|
| 650 |
0 |
7 |
|a Mental hygiene
|2 SNKPHeng
|9 274768
|
| 655 |
|
7 |
|a populárno-náučné publikácie
|2 SNKPH
|9 70460
|
| 655 |
|
7 |
|a Popular works
|2 SNKPHeng
|9 90287
|
| 700 |
1 |
|
|a Glattová, Ivana,
|d 1881-1973
|4 trl
|9 697144
|
| 700 |
0 |
|
|a Moebius
|4 ill
|9 697145
|
| 919 |
|
|
|a 80-7205-092-3
|
| 999 |
|
|
|c 1085921
|d 1087851
|
| 952 |
|
|
|t snkCOM 613.7
|a SNKUST
|b SNKUST
|y PREZ
|7 0
|p 17A0569648
|o snkIC 136711
|i snk2008/12244
|8 3
|g 8.27
|0 0
|1 0
|4 0
|d 2008-06-11
|l 0
|r 2025-04-29 00:00:00
|w 2026-02-24
|